Kāfiyah. (Record no. 50787)
[ view plain ]
| 000 -LEADER | |
|---|---|
| fixed length control field | 00572cam a22002051 4500 |
| 001 - CONTROL NUMBER | |
| control field | ne 68003507 |
| 003 - CONTROL NUMBER IDENTIFIER | |
| control field | DLC |
| 005 - DATE AND TIME OF LATEST TRANSACTION | |
| control field | 20260227111847.0 |
| 008 - FIXED-LENGTH DATA ELEMENTS--GENERAL INFORMATION | |
| fixed length control field | 080207s1955 xx 000 0 ara |
| 010 ## - LIBRARY OF CONGRESS CONTROL NUMBER | |
| LC control number | ne 68003507 |
| 040 ## - CATALOGING SOURCE | |
| Original cataloging agency | DLC |
| Transcribing agency | DLC |
| Modifying agency | DLC |
| 050 00 - LIBRARY OF CONGRESS CALL NUMBER | |
| Classification number | PJ6151.I173 |
| Item number | I2 1955 |
| 100 1# - MAIN ENTRY--PERSONAL NAME | |
| Personal name | Ibn al-Ḥājib, ʻUthmān ibn ʻUmar, |
| Dates associated with a name | 1175-1249. |
| 245 10 - TITLE STATEMENT | |
| Title | Kāfiyah. |
| 260 ## - PUBLICATION, DISTRIBUTION, ETC. | |
| Place of publication, distribution, etc. | 1375 [1955 or 6] |
| 300 ## - PHYSICAL DESCRIPTION | |
| Extent | 128 p. |
| Dimensions | 29 cm. |
| 500 ## - GENERAL NOTE | |
| General note | Reproduced from MS. copy. |
| 500 ## - GENERAL NOTE | |
| General note | Marginal and interlinear notes in Arabic. |
| 650 #0 - SUBJECT ADDED ENTRY--TOPICAL TERM | |
| Topical term or geographic name entry element | Arabic language |
| General subdivision | Syntax. |
No items available.